Die Weiberherrschaft in der Geschichte der Menschheit (Record no. 6924)

MARC details
000 -CABECERA
campo de control de longitud fija 00727nam a2200241 a 4500
001 - NÚMERO DE CONTROL
campo de control BRCA_7243
005 - FECHA Y HORA DE LA ÚLTIMA TRANSACCIÓN
campo de control 20190320205751.0
008 - DATOS DE LONGITUD FIJA--INFORMACIÓN GENERAL
campo de control de longitud fija 240112s1913----gw-a######---#000-0#ger-#
041 ## - CÓDIGO DE LENGUA
Código de lengua del texto/banda sonora o título independiente ger
044 ## - CÓDIGO DEL PAÍS DE LA ENTIDAD EDITORA/PRODUCTORA
Código MARC del país gw
050 #4 - SIGNATURA TOPOGRÁFICA DE LA BIBLIOTECA DEL CONGRESO
Número de clasificación N7630
Número de documento/Ítem .F82 1913
100 1# - ENTRADA PRINCIPAL--NOMBRE DE PERSONA
Nombre de persona Fuchs, Eduard
Fechas asociadas al nombre 1870-1940
9 (RLIN) 17947
245 10 - MENCIÓN DE TÍTULO
Título Die Weiberherrschaft in der Geschichte der Menschheit
Mención de responsabilidad, etc. Eduard Fuchs und Alfred Kind.
260 ## - PUBLICACIÓN, DISTRIBUCIÓN, ETC.
Lugar de publicación, distribución, etc. Munchen
Nombre del editor, distribuidor, etc. A. Langen
Fecha de publicación, distribución, etc. c1913
300 ## - DESCRIPCIÓN FÍSICA
Extensión 3 v.
Otras características físicas il. (algunas a color), láminas
Dimensiones 28 cm.
500 ## - NOTA GENERAL
Nota general La biblioteca solo cuenta con el v.1
500 ## - NOTA GENERAL
Nota general P149
650 14 - PUNTO DE ACCESO ADICIONAL DE MATERIA--TÉRMINO DE MATERIA
Término de materia o nombre geográfico como elemento de entrada Mujeres en el arte
9 (RLIN) 1575
650 14 - PUNTO DE ACCESO ADICIONAL DE MATERIA--TÉRMINO DE MATERIA
Término de materia o nombre geográfico como elemento de entrada Desnudos en el arte
9 (RLIN) 17948
700 1# - PUNTO DE ACCESO ADICIONAL--NOMBRE DE PERSONA
Nombre de persona Kind, Alfred
Término indicativo de función/relación coaut.
9 (RLIN) 17949
902 ## - CATALOGADOR
Iniciales GFM
942 ## - ELEMENTOS DE PUNTO DE ACCESO ADICIONAL (KOHA)
Fuente del sistema de clasificación o colocación Library of Congress Classification
Tipo de ítem Koha Libros
Holdings
Estado de retiro Estado de pérdida Estado dañado No para préstamo Localización permanente Ubicación/localización actual Fecha de adquisición Número de inventario Total de préstamos Signatura topográfica completa Código de barras Fecha visto por última vez Precio válido a partir de Tipo de ítem Koha
El ejemplar forma parte de la colección y puede ser consultado según las políticas vigentes.       Biblioteca del Museo Franz Mayer (Rogerio Casas-Alatriste) Biblioteca del Museo Franz Mayer (Rogerio Casas-Alatriste) 24/01/2012 P149   N7630 .F82 1913 (P149) 7701 22/03/2019 22/03/2019 Libros